| 000 | 00672cam a22002411 4500 | ||
|---|---|---|---|
| 001 | 3110093 | ||
| 003 | OSt | ||
| 005 | 20180116183024.0 | ||
| 008 | 751126s1951 nyu 000 1 eng | ||
| 010 | _a 51013576 | ||
| 040 |
_aDLC _cWa _dDLC |
||
| 050 | 0 | 0 |
_aPZ3.S7568 _bLo _aPS3537.P652 |
| 082 | _a813.54 SPI 1960 | ||
| 100 | 1 |
_aSpillane, Mickey, _d1918-2006. |
|
| 245 | 1 | 4 |
_aThe long wait, _cby Mickey Spillane. |
| 250 | _a[1st ed.] | ||
| 260 |
_aNew York, _bDutton, _c1951. |
||
| 300 |
_a184 p. _cPB |
||
| 490 | 0 | _aGuilt edged mystery | |
| 655 | 7 |
_aDetective and mystery stories. _2gsafd |
|
| 906 |
_a7 _bcbc _corignew _du _eocip _f19 _gy-gencatlg |
||
| 942 |
_2ddc _cBK |
||
| 999 |
_c350727 _d350727 |
||